000 00742nam a22001937a 4500
999 _c11264
_d11264
003 AR-CdUCM
008 190402b ||||| |||| 00| 0 spa d
040 _aMUNICIPALIDAD PROVINCIAL DEL CUSCO
_cBIBLIOTECA MUNICIPAL DEL CUSCO
082 _aES / 918.5 /
_bV66
100 _aVillanueva S., Julio R.
_928543
245 _aGeografía :
_bPrimer grado de educación secundaria /
260 _aLima :
_bBruño,
300 _a145 paginas
_c28 cm.
505 _aContenido :Geografía de la localidad -- Geografía del distrito -- Geografía de la provincia -- Geografía del departamento -- Geografía de la región ...
650 _aGeografía del Perú
_98049
650 _aHistoria y geografía
_97835
942 _2ddc
_cLIBROS
945 _arum